000 00888cam a2200289 a 4500
001 4491994
003 ARRUPE
005 20130924111915.0
008 930818s1993 mnu b 001 0 eng d
010 _a93015946
020 _a0800627555 (alk. paper) :
035 _a(OCoLC)28063948
035 _a(OCoLC)ocm28063948
035 _a(NNC)4491994
040 _aDLC
_cDLC
_dNNUT
050 0 0 _aBT83.57
_b.S367 1993
090 _aBT83.57
_b.S367 1993
100 1 _aSchubeck, Thomas Louis,
_d1936-
_9882
245 1 0 _aLiberation ethics :
_bsources, models, and norms /
_cThomas L. Schubeck.
260 _aMinneapolis :
_bFortress Press,
_cc1993.
300 _ax, 266 p. ;
_c23 cm.
504 _aIncludes bibliographical references and index.
650 0 _aLiberation theology.
_9883
650 0 _aChristian ethics
_xCatholic authors.
_9884
942 _2lcc
_cMONOGRAPH
999 _c117950
_d117950